000 01281nam2a22002411 4500
001 v19\rc\1454047
005 20250618141736.0
035 _a(NLR Aleph) 004593905
090 _a2694737
_c2694737
100 _a20060620f18741915|||y0rusy50 ca
101 0 _arus
102 _aRU
105 _aa z |||||
200 0 _aочередного ... 24, 25 и 26 сентября 1910 года и чрезвычайного 23 февраля 1911
215 _a520 с. разд. паг., 2 л. табл.
461 0 _1001v19\rc\1454012
_12001#$aЖурналы Липецкого уездного... земского собрания...$eС прил.$vочередного ... 24, 25 и 26 сентября 1910 года и чрезвычайного 23 февраля 1911
_92694281
_aЛипецкое уезд. земское собрание
_cЛипецк
_d[1874]-1915
_oС прил.
_tЖурналы Липецкого уездного... земского собрания...
_vочередного ... 24, 25 и 26 сентября 1910 года и чрезвычайного 23 февраля 1911
801 0 _aRU
_bNLR
_gpsbo
801 0 _aRU
_bRuMoRGB
_2psbo
801 1 _aRU
_bProSoft-M
_2rusmarc
852 _aNLR
_jDesideratum
899 _aRuMoRGB
_jV 268/711
942 _cBOOK
980 _aNB